[Event "Bezirksliga Oberbayern 1819"]
[Site "Bayern"]
[Date "2018.11.11"]
[Round "2.7"]
[White "Marian, Felix"]
[Black "Alferova, Ekaterina"]
[Result "1-0"]
[WhiteElo "1723"]
[BlackElo "1716"]
[PlyCount "100"]
[EventDate "2018.10.21"]
[EventType "team-tourn"]
[EventRounds "9"]
[EventCountry "GER"]
[SourceTitle "EXT 2022"]
[Source "ChessBase"]
[SourceDate "2021.10.06"]
[SourceVersion "1"]
[SourceVersionDate "2021.10.06"]
[SourceQuality "1"]
[WhiteTeam "Germering II"]
[BlackTeam "Fuerstenfeldbruck TuS"]
[WhiteTeamCountry "GER"]
[BlackTeamCountry "GER"]

1. d4 Nf6 2. Bf4 e6 3. Nf3 b6 4. e3 Bb7 5. Nbd2 Be7 6. Bd3 0-0 7. c3 d5 8. Qc2 h6 9. 0-0 Nbd7 10. h3 c5 11. b3 Rc8 12. Qb2 Ne4 13. Ne5 Nxe5 14. Bxe5 Nxd2 15. Qxd2 Bd6 16. Bxd6 Qxd6 17. Rfe1 Rfd8 18. Qe2 Rc7 19. Rac1 Rdc8 20. Qd2 Qc6 21. Rc2 c4 22. Bf1 b5 23. b4 a5 24. a3 Ra8 25. Ra2 Rcc8 26. g3 axb4 27. axb4 Rxa2 28. Qxa2 Ra8 29. Qb2 Qa6 30. Re2 Kf8 31. Bg2 Qa1+ 32. Qxa1 Rxa1+ 33. Kh2 Rc1 34. Ra2 Rxc3 35. Ra7 Bc6 36. Rc7 Be8 37. e4 dxe4 38. Bxe4 Rb3 39. d5 Rxb4 40. d6 c3 41. Rc8 Rd4 42. Bc6 g6 43. Bxe8 c2 44. Bxb5+ Kg7 45. d7 Rd2 46. Rxc2 Rxc2 47. d8Q Rxf2+ 48. Kg1 Rc2 49. Qd4+ Kg8 50. Qf6 Rc8 1-0